[Event "Alcoy Tabiya 8th"]
[Site "Alcoy"]
[Date "2019.07.12"]
[Round "6"]
[White "Gimenez Menchon, Cesar"]
[Black "Petrosian, Davit Gevorgi"]
[Result "0-1"]
[WhiteElo "2244"]
[BlackElo "2412"]
[PlyCount "70"]
[EventDate "2019.07.09"]
[EventType "tourn"]
[EventRounds "9"]
[EventCountry "ESP"]
[EventCategory "2"]
[SourceTitle "CBM 191 Extra"]
[Source "ChessBase"]
[SourceDate "2019.09.30"]
[SourceVersion "1"]
[SourceVersionDate "2019.09.30"]
[SourceQuality "1"]

1. e4 c5 2. c3 g6 3. d4 cxd4 4. cxd4 d5 5. e5 Bg7 6. Nc3 Nh6 7. h3 0-0 8. Nf3 f6 9. Qb3 e6 10. Bf4 Nc6 11. Bb5 fxe5 12. Bg5 Nxd4 13. Bxd8 Nxb3 14. axb3 Rxd8 15. Na4 e4 16. Ng5 Nf5 17. Nb6 Nd4 18. Nxa8 Nxb5 19. h4 Bd7 20. Nc7 Nxc7 21. Rxa7 Bc6 22. 0-0 h6 23. Nh3 Bd4 24. Raa1 e5 25. Kh2 Bxb2 26. Ra2 Bc3 27. f4 e3 28. Ng1 exf4 29. Ne2 Be5 30. Kg1 Ne6 31. Rd1 d4 32. Nc1 Be4 33. Nd3 Bxd3 34. Rxd3 Nc5 35. Rd1 d3 0-1

[Event "Alcoy Tabiya 8th"]
[Site "Alcoy"]
[Date "2019.07.09"]
[Round "2"]
[White "Camarena Gimenez, Rufino"]
[Black "Petrosian, Davit Gevorgi"]
[Result "0-1"]
[WhiteElo "2329"]
[BlackElo "2412"]
[PlyCount "68"]
[EventDate "2019.07.09"]
[EventType "tourn"]
[EventRounds "9"]
[EventCountry "ESP"]
[EventCategory "2"]
[SourceTitle "CBM 191 Extra"]
[Source "ChessBase"]
[SourceDate "2019.09.30"]
[SourceVersion "1"]
[SourceVersionDate "2019.09.30"]
[SourceQuality "1"]

1. d4 Nf6 2. c4 g6 3. Nc3 Bg7 4. e4 d6 5. Nf3 0-0 6. Be2 e5 7. d5 a5 8. Bg5 h6 9. Bh4 Na6 10. Nd2 Qe8 11. a3 Bd7 12. 0-0 Nh7 13. b4 h5 14. f3 axb4 15. axb4 Nxb4 16. Rb1 Na2 17. Nxa2 Rxa2 18. c5 Bh6 19. Nc4 Bb5 20. cxd6 cxd6 21. Qb3 Rxe2 22. Qxb5 Qxb5 23. Rxb5 Rc8 24. Rb2 Be3+ 25. Kh1 Rxb2 26. Nxb2 Rc2 27. Rb1 Nf8 28. Be7 Bd4 29. Nd3 Rd2 30. Nb4 Bc5 31. h4 f5 32. Bg5 f4 33. Nc6 bxc6 34. dxc6 Rc2 0-1

[Event "ARM-chT"]
[Site "Yerevan"]
[Date "2018.06.08"]
[Round "1.3"]
[White "Petrosian, Davit Gevorgi"]
[Black "Gabuzyan, Hovhannes"]
[Result "0-1"]
[WhiteElo "2400"]
[BlackElo "2539"]
[PlyCount "74"]
[EventDate "2018.06.08"]
[EventType "team-tourn"]
[EventRounds "7"]
[EventCountry "ARM"]
[SourceTitle "CBM 184 Extra"]
[Source "ChessBase"]
[SourceDate "2018.06.28"]
[SourceVersion "1"]
[SourceVersionDate "2018.06.28"]
[SourceQuality "1"]
[WhiteTeam "Ejmiadzin"]
[BlackTeam "Chessify"]
[WhiteTeamCountry "ARM"]
[BlackTeamCountry "ARM"]

1. e4 c5 2. Nf3 d6 3. d4 cxd4 4. Nxd4 Nf6 5. Nc3 a6 6. Bc4 e6 7. Bb3 Nc6 8. Be3 Bd7 9. Qe2 Rc8 10. 0-0-0 Na5 11. Bg5 Be7 12. f4 0-0 13. Rd3 h6 14. h4 Re8 15. Rg3 Kh8 16. e5 dxe5 17. fxe5 Nxb3+ 18. axb3 Ng8 19. Qh5 Qa5 20. Bxe7 Rxe7 21. Kb1 Be8 22. Qe2 Rd7 23. Rd1 Ne7 24. h5 Nc6 25. Nxc6 Rxd1+ 26. Qxd1 Bxc6 27. Qd6 Qd8 28. Qd3 Qh4 29. Qe3 Qxh5 30. Ne2 Rd8 31. Rh3 Qg4 32. Nf4 Qd1+ 33. Ka2 Qxc2 34. Nd3 Rd5 35. b4 Qa4+ 36. Kb1 Qd1+ 37. Ka2 Ra5+ 0-1

[Event "Yerevan Asrian Memorial 10th"]
[Site "Yerevan"]
[Date "2017.06.22"]
[Round "2"]
[White "Postny, Evgeny"]
[Black "Petrosian, Davit Gevorgi"]
[Result "1-0"]
[WhiteElo "2580"]
[BlackElo "2405"]
[PlyCount "31"]
[EventDate "2017.06.21"]
[EventType "swiss"]
[EventRounds "9"]
[EventCountry "ARM"]
[SourceTitle "EXT 2018"]
[Source "ChessBase"]
[SourceDate "2017.10.13"]
[SourceVersion "1"]
[SourceVersionDate "2017.10.13"]
[SourceQuality "1"]

1. d4 Nf6 2. c4 g6 3. Nc3 Bg7 4. e4 d6 5. Nf3 0-0 6. Be2 e5 7. Be3 h6 8. d5 Ng4 9. Bd2 f5 10. exf5 Bxf5 11. 0-0 e4 12. Ne1 Nxf2 13. Qc1 Bd4 14. Be3 Nh3+ 15. gxh3 Qh4 16. Ng2 1-0

[Event "Yerevan op 1st"]
[Site "Yerevan"]
[Date "2016.10.10"]
[Round "9"]
[White "Vaganian, Rafael A"]
[Black "Petrosian, Davit Gevorgi"]
[Result "1-0"]
[WhiteElo "2564"]
[BlackElo "2399"]
[PlyCount "75"]
[EventDate "2016.10.02"]
[EventType "swiss"]
[EventRounds "9"]
[EventCountry "ARM"]
[SourceTitle "EXT 2017"]
[Source "ChessBase"]
[SourceDate "2016.10.25"]
[SourceVersion "1"]
[SourceVersionDate "2016.10.25"]
[SourceQuality "1"]

1. d4 Nf6 2. Bg5 Ne4 3. Bf4 c5 4. f3 Qa5+ 5. c3 Nf6 6. d5 e6 7. e4 exd5 8. exd5 d6 9. Na3 Be7 10. Ne2 0-0 11. Ng3 Na6 12. Be2 Qd8 13. 0-0 Nc7 14. c4 a6 15. Nc2 b5 16. b3 Nfe8 17. b4 f5 18. a4 bxa4 19. bxc5 dxc5 20. Be5 Bd6 21. f4 Bd7 22. Qd2 a5 23. Ne1 Na6 24. Bd1 Qc7 25. Nf3 Nb4 26. Bxa4 Nf6 27. Bxd7 Nxd7 28. Qc3 g6 29. Bh8 Nb6 30. Ng5 Nxc4 31. Ne6 Qf7 32. Nxf5 gxf5 33. Rf3 Qg6 34. Rg3 Rf7 35. Rxg6+ hxg6 36. Qxc4 Kxh8 37. Ra3 Raa7 38. Rg3 1-0

[Event "Yerevan op 1st"]
[Site "Yerevan"]
[Date "2016.10.06"]
[Round "5"]
[White "Gabuzyan, Hovhannes"]
[Black "Petrosian, Davit Gevorgi"]
[Result "1/2-1/2"]
[WhiteElo "2592"]
[BlackElo "2399"]
[PlyCount "111"]
[EventDate "2016.10.02"]
[EventType "swiss"]
[EventRounds "9"]
[EventCountry "ARM"]
[SourceTitle "EXT 2017"]
[Source "ChessBase"]
[SourceDate "2016.10.25"]
[SourceVersion "1"]
[SourceVersionDate "2016.10.25"]
[SourceQuality "1"]

1. b3 e5 2. Bb2 d6 3. e3 Nf6 4. Nf3 g6 5. c4 Bg7 6. Nc3 0-0 7. Be2 Re8 8. d4 e4 9. Nd2 c5 10. d5 h5 11. Qc2 Bf5 12. h3 Qe7 13. 0-0-0 Nbd7 14. Nf1 Ne5 15. Ng3 Bd7 16. Ngxe4 Nxe4 17. Qxe4 a6 18. g4 b5 19. f4 f5 20. Qc2 Nf3 21. Bxf3 Qxe3+ 22. Kb1 Qxf3 23. Rdf1 Qe3 24. gxh5 bxc4 25. Rhg1 Qxh3 26. h6 Bd4 27. Rh1 Qd3 28. Qxd3 cxd3 29. Nd1 Bc8 30. Rh3 Bb7 31. h7+ Kg7 32. Rxd3 Re4 33. Nc3 Re7 34. Na4 Bxd5 35. Bxd4+ cxd4 36. Rxd4 Be4+ 37. Kb2 d5 38. Nc3 Rd8 39. b4 Kxh7 40. a4 Kh6 41. b5 axb5 42. axb5 g5 43. fxg5+ Kxg5 44. Kb3 f4 45. Rfd1 f3 46. Nxe4+ Rxe4 47. Rxe4 dxe4 48. Rxd8 f2 49. Rg8+ Kh6 50. Rh8+ Kg6 51. Rh1 e3 52. b6 e2 53. b7 f1Q 54. b8Q Qxh1 55. Qe8+ Kg5 56. Qxe2 1/2-1/2

[Event "Yerevan op 1st"]
[Site "Yerevan"]
[Date "2016.10.02"]
[Round "1"]
[White "Niazyan, Sargis"]
[Black "Petrosian, Davit Gevorgi"]
[Result "0-1"]
[WhiteElo "1892"]
[BlackElo "2399"]
[PlyCount "98"]
[EventDate "2016.10.02"]
[EventType "swiss"]
[EventRounds "9"]
[EventCountry "ARM"]
[SourceTitle "EXT 2017"]
[Source "ChessBase"]
[SourceDate "2016.10.25"]
[SourceVersion "1"]
[SourceVersionDate "2016.10.25"]
[SourceQuality "1"]

1. d4 Nf6 2. Nf3 g6 3. g3 Bg7 4. Bg2 0-0 5. 0-0 d6 6. Nc3 Nc6 7. e4 e5 8. dxe5 dxe5 9. Qxd8 Rxd8 10. Bg5 Re8 11. Rad1 h6 12. Be3 Be6 13. Nd5 Bxd5 14. exd5 Nb4 15. c4 Nxa2 16. Ra1 Nb4 17. Bxa7 Nc2 18. Rac1 Rxa7 19. Rxc2 Ra2 20. Nd2 e4 21. Re1 Bf8 22. c5 Nxd5 23. Rxe4 Rxe4 24. Nxe4 f5 25. Rd2 c6 26. Nd6 Ra1+ 27. Bf1 Bxd6 28. cxd6 Kf8 29. Kg2 Ra8 30. Bc4 Rd8 31. h4 Rxd6 32. Kf3 Ke7 33. Re2+ Re6 34. Rd2 Kd6 35. h5 g5 36. Rd3 Re5 37. Ra3 b5 38. Bb3 g4+ 39. Kg2 Re2 40. Bxd5 Kxd5 41. Rd3+ Kc5 42. b3 Kb4 43. Rd6 c5 44. Rxh6 Kxb3 45. Rg6 c4 46. h6 Re7 47. Rg7 Re6 48. h7 Rh6 49. Kf1 c3 0-1

[Event "Avicenna op 13th"]
[Site "Hamedan"]
[Date "2016.08.29"]
[Round "8"]
[White "Petrosian, Davit Gevorgi"]
[Black "Sivuk, Vitaly"]
[Result "0-1"]
[WhiteElo "2399"]
[BlackElo "2522"]
[PlyCount "124"]
[EventDate "2016.08.24"]
[EventType "swiss"]
[EventRounds "9"]
[EventCountry "IRI"]
[SourceTitle "CBM 174 Extra"]
[Source "ChessBase"]
[SourceDate "2016.10.10"]
[SourceVersion "1"]
[SourceVersionDate "2016.10.10"]
[SourceQuality "1"]

1. e4 c6 2. Nc3 d5 3. Nf3 a6 4. d4 Bg4 5. h3 Bh5 6. g4 Bg6 7. Ne5 Bxe4 8. f3 f6 9. fxe4 fxe5 10. Bg2 dxe4 11. Nxe4 Nf6 12. Ng5 Qd6 13. 0-0 h6 14. Nf3 exd4 15. g5 hxg5 16. Qd3 Rh5 17. Qg6+ Kd8 18. Bxg5 Nbd7 19. Rad1 Rxg5 20. Nxg5 Kc7 21. c3 e5 22. Nf7 Qe6 23. cxd4 exd4 24. b3 Qe3+ 25. Kh1 Ne5 26. Nxe5 Qxe5 27. Rfe1 Qf4 28. Qf7+ Kb6 29. Re4 Qg3 30. Rexd4 Re8 31. Qc4 Bc5 32. Rf4 Nh5 33. b4 Be3 34. Rf3 Qe5 35. Qh4 Bf4 36. Qf2+ Kc7 37. Bf1 Ng3+ 38. Kg2 Nf5 39. Rxf4 Ne3+ 40. Kh1 Nxd1 41. Rf7+ Kb8 42. Qh2 g5 43. Rg7 Ne3 44. Bd3 Ka7 45. Qxe5 Rxe5 46. Kh2 Nd5 47. a3 Nf4 48. Bg6 a5 49. Kg3 a4 50. Kg4 Re3 51. Bf5 Rxa3 52. h4 Rg3+ 53. Kxg3 Nh5+ 54. Kg4 Nxg7 55. hxg5 Nxf5 56. Kxf5 a3 57. g6 a2 58. g7 a1Q 59. g8Q Qb1+ 60. Ke5 Qb2+ 61. Kf5 Qxb4 62. Qa8+ Kxa8 0-1

[Event "Avicenna op 13th"]
[Site "Hamedan"]
[Date "2016.08.27"]
[Round "6"]
[White "Petrosian, Davit Gevorgi"]
[Black "Morchiashvili, Bachana"]
[Result "1-0"]
[WhiteElo "2399"]
[BlackElo "2371"]
[PlyCount "81"]
[EventDate "2016.08.24"]
[EventType "swiss"]
[EventRounds "9"]
[EventCountry "IRI"]
[SourceTitle "CBM 174 Extra"]
[Source "ChessBase"]
[SourceDate "2016.10.10"]
[SourceVersion "1"]
[SourceVersionDate "2016.10.10"]
[SourceQuality "1"]

1. e4 c5 2. Nf3 e6 3. Nc3 a6 4. d4 cxd4 5. Nxd4 Qc7 6. Qf3 Nf6 7. Qg3 Qxg3 8. hxg3 d6 9. f3 Nc6 10. Nxc6 bxc6 11. g4 Rb8 12. b3 g6 13. Ba3 Be7 14. 0-0-0 c5 15. Na4 Nd7 16. Nb2 Ne5 17. Nc4 Nxc4 18. Bxc4 0-0 19. Bb2 Rd8 20. Rxh7 Bg5+ 21. Kb1 Kxh7 22. Rh1+ Bh6 23. Bf6 Rh8 24. g5 Kg8 25. gxh6 Rh7 26. g4 Bb7 27. Be2 d5 28. e5 d4 29. g5 a5 30. Kc1 Kf8 31. Rh4 Bc6 32. c3 dxc3 33. Kc2 Rb4 34. Rc4 Rxc4 35. Bxc4 Bxf3 36. Bb5 Bd5 37. Kxc3 Kg8 38. Kb2 Be4 39. Ka3 Bb1 40. Ka4 Bxa2 41. Bd3 1-0

[Event "Avicenna op 13th"]
[Site "Hamedan"]
[Date "2016.08.25"]
[Round "3"]
[White "Fendereski, Nima"]
[Black "Petrosian, Davit Gevorgi"]
[Result "1-0"]
[WhiteElo "2221"]
[BlackElo "2399"]
[PlyCount "93"]
[EventDate "2016.08.24"]
[EventType "swiss"]
[EventRounds "9"]
[EventCountry "IRI"]
[SourceTitle "CBM 174 Extra"]
[Source "ChessBase"]
[SourceDate "2016.10.10"]
[SourceVersion "1"]
[SourceVersionDate "2016.10.10"]
[SourceQuality "1"]

1. e4 e6 2. d4 d5 3. Nc3 Bb4 4. e5 Ne7 5. Bd2 b6 6. Nf3 h6 7. Bd3 Ba6 8. Bxa6 Nxa6 9. Ne2 Bxd2+ 10. Qxd2 Qd7 11. c3 c5 12. 0-0 Rc8 13. Rac1 0-0 14. Nf4 cxd4 15. cxd4 Qa4 16. a3 Rxc1 17. Rxc1 Rc8 18. Rxc8+ Nxc8 19. Ne2 Ne7 20. Qc1 Nc7 21. Ne1 Qc4 22. Qc2 Nc6 23. Kf1 Na5 24. Qxc4 dxc4 25. Nc3 Nc6 26. Nc2 b5 27. Ne4 Nd5 28. g3 Kf8 29. Ke2 Ke7 30. Nd6 a6 31. f4 f5 32. Kd2 Na5 33. Kd1 Nb3 34. Nb7 Nb6 35. Nc5 Nxc5 36. dxc5 Na4 37. c6 Nxb2+ 38. Kd2 Na4 39. Nd4 Nc5 40. Kc3 Kd8 41. Kb4 Nd3+ 42. Ka5 Kc7 43. Kxa6 c3 44. Kxb5 Ne1 45. Nxe6+ Kc8 46. Nd4 c2 47. Ne2 1-0

[Event "Moscow op-A"]
[Site "Moscow"]
[Date "2016.02.03"]
[Round "5"]
[White "Petrosian, Davit Gevorgi"]
[Black "Yuffa, Daniil"]
[Result "1/2-1/2"]
[WhiteElo "2394"]
[BlackElo "2516"]
[PlyCount "118"]
[EventDate "2016.01.30"]
[EventType "swiss"]
[EventRounds "9"]
[EventCountry "RUS"]
[SourceTitle "CBM 170 Extra"]
[Source "ChessBase"]
[SourceDate "2016.02.25"]
[SourceVersion "1"]
[SourceVersionDate "2016.02.25"]
[SourceQuality "1"]

1. e4 c6 2. Nc3 d5 3. Qe2 d4 4. Nd1 e5 5. d3 c5 6. g3 Nc6 7. Bg2 Bd6 8. f4 exf4 9. gxf4 Qc7 10. e5 Be7 11. Nf3 Nh6 12. Nf2 Be6 13. 0-0 Nf5 14. Ne4 h6 15. c4 dxc3 16. bxc3 0-0 17. Be3 b6 18. Rad1 Rfd8 19. Bf2 Qc8 20. Nfd2 Rb8 21. Nc4 Rb7 22. Ne3 Nxe3 23. Qxe3 Rbd7 24. Rd2 Na5 25. Be1 Bf5 26. Rf3 Qc6 27. Rg3 Qe6 28. Qe2 Kh8 29. Re3 Bg4 30. Qf2 b5 31. Ng3 Bh4 32. f5 Bxg3 33. Rxg3 Bxf5 34. Qxc5 f6 35. Qxb5 Qxe5 36. Qxe5 fxe5 37. Bf1 Nc4 38. dxc4 Rxd2 39. Bxd2 Rxd2 40. Re3 e4 41. Bg2 Rd6 42. Kf2 Re6 43. Re2 g5 44. Ke3 h5 45. Rd2 Kg7 46. c5 Kf6 47. Rd6 Ke5 48. Bxe4 Rxd6 49. cxd6 Bd7 50. c4 Kxd6 51. Kd4 g4 52. c5+ Ke6 53. c6 Bc8 54. Kc5 h4 55. a4 Ke5 56. Bd5 g3 57. hxg3 hxg3 58. a5 Ba6 59. c7 Bc8 1/2-1/2

[Event "Moscow op-A"]
[Site "Moscow"]
[Date "2016.01.31"]
[Round "2"]
[White "Ahmadzada, Ahmad Samir"]
[Black "Petrosian, Davit Gevorgi"]
[Result "1/2-1/2"]
[WhiteElo "2203"]
[BlackElo "2394"]
[PlyCount "80"]
[EventDate "2016.01.30"]
[EventType "swiss"]
[EventRounds "9"]
[EventCountry "RUS"]
[SourceTitle "CBM 170 Extra"]
[Source "ChessBase"]
[SourceDate "2016.02.25"]
[SourceVersion "1"]
[SourceVersionDate "2016.02.25"]
[SourceQuality "1"]

1. e4 e6 2. d4 d5 3. Nd2 Nf6 4. e5 Nfd7 5. Bd3 c5 6. c3 Nc6 7. Ne2 cxd4 8. cxd4 f6 9. exf6 Nxf6 10. Nf3 Bd6 11. 0-0 Qc7 12. Bd2 0-0 13. Rc1 a6 14. Ng3 Bd7 15. Re1 Qb6 16. Bc3 Rae8 17. Ne5 Re7 18. Re2 Nb4 19. Nxd7 Nxd7 20. Bxb4 Bxb4 21. Re3 g6 22. Bf1 Nb8 23. Ne2 Nc6 24. g3 Ref7 25. f4 e5 26. Bg2 exf4 27. gxf4 Ne7 28. Rb3 Qd6 29. a3 Ba5 30. Rxb7 Rf6 31. Qd3 Kh8 32. Qh3 Re6 33. Qh6 Rf7 34. Bh3 Ng8 35. Bxe6 Qxe6 36. Rb8 Qe3+ 37. Kf1 Qf3+ 38. Kg1 Qe3+ 39. Kf1 Qf3+ 40. Kg1 Qe3+ 1/2-1/2

[Event "Moscow Aeroflot op-B 14th"]
[Site "Moscow"]
[Date "2015.03.30"]
[Round "4"]
[White "Pavlov, Sergey1"]
[Black "Petrosian, Davit Gevorgi"]
[Result "1/2-1/2"]
[WhiteElo "2490"]
[BlackElo "2382"]
[PlyCount "151"]
[EventDate "2015.03.27"]
[EventType "swiss"]
[EventRounds "9"]
[EventCountry "RUS"]
[SourceTitle "CBM 165 Extra"]
[Source "ChessBase"]
[SourceDate "2015.04.21"]
[SourceVersion "1"]
[SourceVersionDate "2015.04.21"]
[SourceQuality "1"]

1. c4 Nf6 2. Nc3 g6 3. e4 d6 4. d4 Bg7 5. Bd3 0-0 6. Nge2 c5 7. d5 a6 8. a4 e6 9. 0-0 exd5 10. exd5 Re8 11. Ng3 Ng4 12. h3 Ne5 13. Be2 f5 14. f4 Nf7 15. Rf3 Nd7 16. Bd2 Nf6 17. Bd3 b6 18. Rb1 a5 19. Qc2 Ra7 20. Rff1 Rae7 21. Rbe1 Bd7 22. Qd1 Rxe1 23. Rxe1 Rxe1+ 24. Qxe1 Qe8 25. Qxe8+ Nxe8 26. b3 Kf8 27. Kf2 Ke7 28. Nb5 h5 29. Nf1 Nh6 30. Kf3 Bf6 31. Ne3 Kd8 32. Ke2 Ke7 33. Be1 Kd8 34. Na7 Kc7 35. g4 fxg4 36. hxg4 Nxg4 37. Bxg6 Nxe3 38. Kxe3 Bd4+ 39. Kd3 Nf6 40. Bh4 Kb7 41. Nb5 Bxb5 42. axb5 Kc7 43. Ke2 Kd7 44. Kf3 Bc3 45. Bg5 Bd4 46. Kg3 Bc3 47. Kh3 Bd4 48. Bh4 Bc3 49. Bg3 Ke7 50. Kh4 Kd7 51. Kg5 Ke7 52. Kf5 Bd4 53. Bh4 Bc3 54. Bxh5 Bd4 55. Kg6 Bc3 56. Bg4 Bd4 57. Bd7 Bc3 58. Bc6 Bd4 59. Kf5 Bc3 60. Bd7 Bd4 61. Be6 Bc3 62. Kg6 Bd4 63. Be1 Bb2 64. Bf5 Bd4 65. Bh4 Bc3 66. Bh3 Bb2 67. Be1 Bd4 68. Be6 Bb2 69. Bh4 Bc3 70. Bg5 Bd4 71. Bc8 Bc3 72. Be6 Bd4 73. Bf5 Bc3 74. Bh4 Bb2 75. Be1 Bd4 76. Bh4 1/2-1/2

[Event "Tehran Behin Cup 2nd"]
[Site "Tehran"]
[Date "2014.11.20"]
[Round "6"]
[White "Petrosian, Davit Gevorgi"]
[Black "Darini, Pouria"]
[Result "0-1"]
[WhiteElo "2382"]
[BlackElo "2458"]
[PlyCount "84"]
[EventDate "2014.11.15"]
[EventType "swiss"]
[EventRounds "9"]
[EventCountry "IRI"]
[SourceTitle "CBM 163 Extra"]
[Source "ChessBase"]
[SourceDate "2014.12.23"]
[SourceVersion "1"]
[SourceVersionDate "2014.12.23"]
[SourceQuality "1"]

1. e4 c5 2. Nf3 d6 3. d4 cxd4 4. Nxd4 Nf6 5. Nc3 a6 6. Bc4 e6 7. Bb3 b5 8. 0-0 Be7 9. Qf3 Qb6 10. Be3 Qb7 11. Qg3 0-0 12. f3 Bd7 13. a4 Nc6 14. axb5 Nxd4 15. Bxd4 axb5 16. e5 dxe5 17. Bxe5 Rxa1 18. Rxa1 Bc6 19. Bd4 Ra8 20. Rxa8+ Qxa8 21. Qc7 Nd7 22. Ne4 Bf8 23. Ng5 Qa1+ 24. Kf2 Qd1 25. Qf4 Qxd4+ 26. Qxd4 Bc5 27. Ke3 Bxd4+ 28. Kxd4 h6 29. Nxe6 fxe6 30. Bxe6+ Kf8 31. Bd5 Bxd5 32. Kxd5 Nb6+ 33. Kc6 Nc4 34. Kxb5 Nxb2 35. Kc5 Ke7 36. Kd4 Kd6 37. h4 Na4 38. Ke4 Ke6 39. h5 Nc3+ 40. Kf4 Nd5+ 41. Kg3 Ne3 42. c3 Kf5 0-1

[Event "ARM-ch 1st League 75th"]
[Site "Yerevan"]
[Date "2014.08.31"]
[Round "10"]
[White "Petrosian, Davit Gevorgi"]
[Black "Gabuzyan, Hovhannes"]
[Result "0-1"]
[WhiteElo "2398"]
[BlackElo "2582"]
[PlyCount "72"]
[EventDate "2014.08.21"]
[EventType "tourn"]
[EventRounds "13"]
[EventCountry "ARM"]
[EventCategory "6"]
[SourceTitle "CBM 162 Extra"]
[Source "ChessBase"]
[SourceDate "2014.10.17"]
[SourceVersion "1"]
[SourceVersionDate "2014.10.17"]
[SourceQuality "1"]

1. e4 c5 2. Nf3 d6 3. d4 cxd4 4. Nxd4 Nf6 5. Nc3 a6 6. Bc4 e6 7. Bb3 Nbd7 8. Qe2 Nc5 9. Bg5 Be7 10. f4 h6 11. Bxf6 Bxf6 12. 0-0-0 Qc7 13. Rhe1 Bd7 14. Kb1 0-0-0 15. g3 Kb8 16. Qf2 Rhf8 17. h4 Rc8 18. g4 g6 19. g5 hxg5 20. hxg5 Bg7 21. Rd2 Rh8 22. Qe3 Rh4 23. Red1 Rch8 24. Nf3 Bxc3 25. bxc3 Rh1 26. Ne1 R8h3 27. Qd4 e5 28. Qxd6 Bg4 29. Qf8+ Ka7 30. Rd8 Bxd1 31. Rc8 Qxc8 32. Qxc8 Rxc3 33. Qf8 Rxe1 34. Kb2 Nxe4 35. fxe5 Bxc2 36. Qd8 Rb1+ 0-1

[Event "ARM-ch 1st League 75th"]
[Site "Yerevan"]
[Date "2014.08.26"]
[Round "6"]
[White "Petrosian, Davit Gevorgi"]
[Black "Mikaelyan, Arman"]
[Result "1/2-1/2"]
[WhiteElo "2398"]
[BlackElo "2327"]
[PlyCount "180"]
[EventDate "2014.08.21"]
[EventType "tourn"]
[EventRounds "13"]
[EventCountry "ARM"]
[EventCategory "6"]
[SourceTitle "CBM 162 Extra"]
[Source "ChessBase"]
[SourceDate "2014.10.17"]
[SourceVersion "1"]
[SourceVersionDate "2014.10.17"]
[SourceQuality "1"]

1. g3 Nf6 2. Bg2 d5 3. d3 g6 4. Nf3 Bg7 5. 0-0 0-0 6. Nc3 b6 7. Bf4 Bb7 8. Re1 Nh5 9. Bg5 h6 10. Bd2 d4 11. Nb5 c5 12. c3 Qd7 13. a4 dxc3 14. Bxc3 Nc6 15. Bxg7 Kxg7 16. d4 a6 17. dxc5 Qxd1 18. Rexd1 axb5 19. axb5 Rxa1 20. Rxa1 Na5 21. Ne5 Bxg2 22. Rxa5 Bh3 23. cxb6 Rb8 24. Ra6 Rd8 25. f3 Rd5 26. Ra5 Bc8 27. Nc6 Nf6 28. Nxe7 Rc5 29. Ra8 Bb7 30. Ra7 Bd5 31. b7 Rxb5 32. Nxd5 Nxd5 33. Ra5 Rxb7 34. Rxd5 Rxb2 35. Kf2 h5 36. h3 Kf6 37. Ra5 Rc2 38. Rb5 Ra2 39. Rc5 Rb2 40. Rc4 Ra2 41. Rb4 Ra3 42. h4 Rc3 43. Rb5 Ra3 44. Rd5 Rb3 45. Rd3 Rb2 46. Ke3 Ra2 47. Rd2 Ra4 48. Rd4 Ra2 49. Rf4+ Kg7 50. Re4 Kf6 51. Kf4 Rb2 52. Re5 Rb4+ 53. e4 Rb3 54. Ra5 Rb6 55. g4 hxg4 56. Kxg4 Rb1 57. h5 gxh5+ 58. Rxh5 Rg1+ 59. Kf4 Kg6 60. Rh8 Kg7 61. Rh3 Rb1 62. Rg3+ Kf6 63. Rg8 Rb4 64. Rd8 Rb6 65. Kg4 Kg7 66. f4 Rg6+ 67. Kf5 Rf6+ 68. Ke5 Re6+ 69. Kd5 Ra6 70. f5 Ra5+ 71. Kd4 Ra4+ 72. Ke5 Ra5+ 73. Kf4 Ra4 74. Rd6 Rb4 75. Ke5 Rb5+ 76. Kd4 Rb4+ 77. Kd3 Rb1 78. e5 Rf1 79. Ke4 Re1+ 80. Kd5 Rf1 81. Ke4 Re1+ 82. Kd5 Rf1 83. f6+ Kg6 84. Kc6 Rc1+ 85. Kd7 Rc5 86. e6 fxe6 87. Kxe6 Rc1 88. Ke7 Rc7+ 89. Rd7 Rxd7+ 90. Kxd7 Kxf6 1/2-1/2

[Event "ARM-ch 1st League 75th"]
[Site "Yerevan"]
[Date "2014.08.25"]
[Round "5"]
[White "Harutyunian, Tigran K"]
[Black "Petrosian, Davit Gevorgi"]
[Result "1/2-1/2"]
[WhiteElo "2439"]
[BlackElo "2398"]
[PlyCount "160"]
[EventDate "2014.08.21"]
[EventType "tourn"]
[EventRounds "13"]
[EventCountry "ARM"]
[EventCategory "6"]
[SourceTitle "CBM 162 Extra"]
[Source "ChessBase"]
[SourceDate "2014.10.17"]
[SourceVersion "1"]
[SourceVersionDate "2014.10.17"]
[SourceQuality "1"]

1. d4 Nf6 2. Nf3 g6 3. g3 Bg7 4. Bg2 0-0 5. 0-0 d6 6. c4 c5 7. Nc3 Nc6 8. d5 Na5 9. Nd2 a6 10. Rb1 Rb8 11. b3 b5 12. Bb2 h5 13. Qc2 Bf5 14. e4 Bd7 15. Ne2 e5 16. dxe6 Bxe6 17. Nf4 Re8 18. cxb5 axb5 19. b4 cxb4 20. Nxe6 Rxe6 21. Ba1 Rc8 22. Qd3 Nc4 23. Bh3 Ng4 24. Bxg7 Kxg7 25. Qd4+ Qf6 26. Qxf6+ Rxf6 27. Nb3 Ra8 28. Ra1 Rf3 29. Bg2 Rc3 30. Nd4 Ra5 31. Rfb1 Rd3 32. Nc6 Ra4 33. h3 Nge5 34. Nxb4 Rd2 35. Rb3 Na5 36. Rbb1 Nac4 37. Rb3 g5 38. a3 g4 39. Nd5 Nd3 40. Rxb5 gxh3 41. Bxh3 Nxf2 42. Bg2 Rxa3 43. Rxa3 Nxa3 44. Rb6 Ng4 45. Bf1 Rd1 46. Kg2 Rd2+ 47. Kg1 Nc2 48. Rb3 Nf6 49. Nxf6 Kxf6 50. Rf3+ Kg6 51. Rf2 Rxf2 52. Kxf2 Nd4 53. Ke3 Ne6 54. Be2 Kg5 55. Bd1 Kg6 56. Be2 Kh6 57. Bd1 Kg5 58. Be2 h4 59. gxh4+ Kxh4 60. Bd1 Kg5 61. Be2 Kf6 62. Bh5 Ng7 63. Bd1 Ke5 64. Bb3 Ne6 65. Bd1 Nc5 66. Bh5 Ke6 67. Kd4 Nd7 68. Bg4+ Ke7 69. Bd1 Ne5 70. Kd5 Nd7 71. Kd4 Nb8 72. Kd5 f6 73. Bg4 Na6 74. Bh3 Nc7+ 75. Kc6 Ne6 76. Bg4 Nf4 77. Bc8 Ne2 78. Kd5 Nc3+ 79. Kd4 Kd8 80. Bg4 Nxe4 1/2-1/2

[Event "ARM-ch 1st League 75th"]
[Site "Yerevan"]
[Date "2014.08.23"]
[Round "3"]
[White "Hayrapetyan, Hovik"]
[Black "Petrosian, Davit Gevorgi"]
[Result "1/2-1/2"]
[WhiteElo "2438"]
[BlackElo "2398"]
[PlyCount "50"]
[EventDate "2014.08.21"]
[EventType "tourn"]
[EventRounds "13"]
[EventCountry "ARM"]
[EventCategory "6"]
[SourceTitle "CBM 162 Extra"]
[Source "ChessBase"]
[SourceDate "2014.10.17"]
[SourceVersion "1"]
[SourceVersionDate "2014.10.17"]
[SourceQuality "1"]

1. d4 Nf6 2. Nf3 g6 3. g3 Bg7 4. Bg2 0-0 5. 0-0 d6 6. c4 c5 7. Nc3 Nc6 8. d5 Na5 9. Nd2 a6 10. Qc2 Rb8 11. b3 b5 12. Rb1 h5 13. Bb2 Bf5 14. e4 Bd7 15. Nd1 e5 16. dxe6 Bxe6 17. Ne3 Nc6 18. Bc3 Ng4 19. Bxg7 Nxe3 20. Qc3 Nxf1 21. Bxf8 Qxf8 22. Bxf1 Qg7 23. Qxg7+ Kxg7 24. f4 Kf8 25. Kf2 Ke7 1/2-1/2

[Event "Jermuk Asrian Memorial 7th"]
[Site "Jermuk"]
[Date "2014.06.22"]
[Round "7"]
[White "Petrosian, Davit Gevorgi"]
[Black "Martirosyan, Haik M"]
[Result "1-0"]
[WhiteElo "2425"]
[BlackElo "2311"]
[PlyCount "53"]
[EventDate "2014.06.16"]
[EventType "swiss"]
[EventRounds "9"]
[EventCountry "ARM"]
[SourceTitle "CBM 160 Extra"]
[Source "ChessBase"]
[SourceDate "2014.07.01"]
[SourceVersion "1"]
[SourceVersionDate "2014.07.01"]
[SourceQuality "1"]

1. e4 c5 2. Nc3 e6 3. Nf3 a6 4. d4 cxd4 5. Nxd4 Qc7 6. Qf3 Nc6 7. Be3 Nf6 8. 0-0-0 Be7 9. Be2 0-0 10. g4 d6 11. g5 Nd7 12. Rhg1 Nxd4 13. Bxd4 b5 14. Qh5 Bb7 15. Rd3 Rfc8 16. Rf3 Ne5 17. Bxe5 dxe5 18. Qxf7+ Kh8 19. Qxe6 b4 20. Rh3 bxc3 21. Rxh7+ Kxh7 22. g6+ Kh8 23. Qh3+ Bh4 24. Qxh4+ Kg8 25. b4 Bxe4 26. Qxe4 Qd6 27. Bc4+ 1-0